LEADER 01424nam a2200313 u 4500 001 000000080836 003 CaOOAMICUS 005 20070226123706.0 008 050301s2004 be u000 u eng u 020 $a9042915153 035 $a11031313 040 $aIPA$bita 041 0 $aeng$afre 100 1 $aLust, Johan.$0(OLS)http://pul/name/1503 245 10$aMessianism and the Septuaginta :$bcollected essays /$cby J. Lust ; edited by K. Hauspie. 260 $aLeuven :$bUniversity Press :$bPeeters,$c2004. 300 $axiv, 245 p. ;$c25 cm 490 1 $aBibliotheca Ephemeridum theologicarum Lovaniensium ;$v178 500 $aIncludes bibliographical references and index. 630 00$aBible.$pOld Testament.$lGreek.$2//eng$0(OLS)http://pul/subject/28022 650 0$aMessiah$xBiblical teaching.$2//eng$0(OLS)http://pul/subject/28023 700 1 $aHauspie, K.$0(OLS)http://pul/name/20644 830 0$aBibliotheca Ephemeridum theologicarum Lovaniensium ;$v178.$0(OLS)http://pul/title/1445 850 $aPUL 852 $aPUL$W1$xSL Religione 1$y3$m17 A 178$j120544$nBK-PRI$qStampati$B103205$CPULBib$Z2$F103205 $H98460 $82 941 1 $a8 996 $6020$a9042915153$9(OLS)http://pul/number/107064 996 $6245$aMessianism and the Septuaginta :$bcollected essays$9(OLS)http://pul/title/105829 996 $6260$aLeuven :$bUniversity Press :$bPeeters$9(OLS)http://pul/publisher/49269 LEADER 01001nam a2200241 u 4500 001 000000047357 003 CaOOAMICUS 005 20070226114857.0 008 990916s1963 it u000 u ita u 035 $a10832732 040 $aMSA$bita 100 1 $aMargiotta Broglio, Francesco.$0(OLS)http://pul/name/5535 245 13$aLa giurisdizione civile e penale della Chiesa nel diritto dello Stato /$cFrancesco Margiotta Broglio. 260 $aMilano :$bGiuffrè,$c1963. 300 $a107 p. ;$c26 cm 504 $aBibliografia in nota. 650 4$aGiurisdizione ecclesiastica.$0(OLS)http://pul/subject/9797 850 $aPUL 852 $aPUL$W1$xDP1 Fondo Ciprotti$y59$m1544 B 32$j63298$nBK-PRI$b $qFondi$B63298$CPULBib$Z2$F63298 $H $81 941 1 $a1 961 $aINV: F. Ciprotti 996 $6245$aLa giurisdizione civile e penale della Chiesa nel diritto dello Stato$9(OLS)http://pul/title/63744 996 $6260$aMilano :$bGiuffrè$9(OLS)http://pul/publisher/48401